000 00744nam a22002177a 4500
003 UA-OsUOA
001 107013
007 ta
008 20140701b un ||||| |||| 00| 0 ukr d
100 _aБондаренко Ю.
090 _a82
_bБ81
942 _cSA
040 _aUA-OsUOA
_bukr
_cUA-OsUOA
_dUA-OsUOA
245 _aДослідження системних зв'язків образів-персонажів на уроках української літератури
300 _aС.24-28
955 _a0
041 _aukr
080 _a82
773 0 _w107012
_tУкраїнська мова і література в школі
_dК.
_d2014
_g3
650 7 _a82 Література. Літературознавство
_2UDC
999 _c393036
_d393036